000 00444nam a22001817a 4500
003 MPLRDC
005 20220104144130.0
008 210129b ||||| |||| 00| 0 eng d
020 _a983-3209-03-3
082 _a945.32 YBY c.2
100 _a锺瑜博士主编
245 _a杨柳艺风
_c
250 _a第一版
260 _a
_b锺正山美术馆
_c2006
300 _b
650 _a中国画册--题识
942 _cBK
_o945.32 YBY c.2
999 _c46681
_d46671